LEADER 01601nam a2200325 u 4500 001 000000029035 003 CaOOAMICUS 005 20070226111853.0 008 970116s1996 gw u000 u ger u 020 $a3110149680 035 $a10749175 040 $aIPA$bita 100 1 $aSchäferdiek, Knut.$0(OLS)http://pul/name/19617 245 10$aSchwellenzeit :$bBeiträge zur Geschichte des Christentums in Spätantike und Frühmittelalter /$cKnut Schäferdiek ; herausgegeben von Winrich A. Löhr und Hans Christof Brennecke. 260 $aBerlin :$bWalter de Gruyter,$c1996. 300 $axiii, 546 p. ;$c24 cm 490 1 $aArbeiten zur Kirchengeschichte ;$vBd. 64 500 $aIncludes index. 650 0$aChurch history$yPrimitive and early church, ca. 30-600.$2//eng$0(OLS)http://pul/subject/135 650 0$aChurch history$yMiddle Ages, 600-1500.$2//eng$0(OLS)http://pul/subject/365 700 1 $aBrennecke, Hanns Christof.$0(OLS)http://pul/name/10538 700 1 $aLöhr, Winrich Alfried.$0(OLS)http://pul/name/22816 830 0$aArbeiten zur Kirchengeschichte ;$vBd. 64.$0(OLS)http://pul/title/4204 850 $aPUL 852 $aPUL$W1$xSL Filosofia 1$y2$m115 L 64$j40260$nBK-PRI$b $qStampati$B40260$CPULBib$Z2$F40260 $H $81 941 1 $a8 961 $aINV: 87914 996 $6020$a3110149680$9(OLS)http://pul/number/36164 996 $6245$aSchwellenzeit :$bBeiträge zur Geschichte des Christentums in Spätantike und Frühmittelalter$9(OLS)http://pul/title/39682 996 $6260$aBerlin :$bWalter de Gruyter$9(OLS)http://pul/publisher/48231 LEADER 01067nam a2200277 u 4500 001 000000113642 003 CaOOAMICUS 005 20081023171309.0 008 081023s2008 it u000 u ita r 020 $a88-7188-750-6 040 $aPUL$bita$dLDB 100 1 $aBerti, Enrico,$d1935-$0(OLS)http://pul/name/112 245 10$aFilosofia pratica /$cEnrico Berti. 260 $aNapoli :$bGuida,$cc2008. 300 $a116 p. ;$c21 cm. 490 1 $aParole chiave della filosofia ;$v06 504 $aBibliografia : p. 107-109. 650 14$aFilosofia pratica.$0(OLS)http://pul/subject/18698 830 0$aParole chiave della filosofia ;$v06.$0(OLS)http://pul/title/142798 850 $aPUL 852 $aPUL$W1$xSL Filosofia 3$y81$m170 BEREN 2$j129841$qDDC 21$B128904$CPULBib$Z2$F128904 $H108474 $82 941 1 $a9 960 $aPhronesis$918698 996 $6020$a88-7188-750-6$9(OLS)http://pul/number/138970 996 $6245$aFilosofia pratica$9(OLS)http://pul/title/142799 996 $6260$aNapoli :$bGuida$9(OLS)http://pul/publisher/50764